<?xml version="1.0" encoding="UTF-8"?>
<record
    xmlns:xsi="http://www.w3.org/2001/XMLSchema-instance"
    xsi:schemaLocation="http://www.loc.gov/MARC21/slim http://www.loc.gov/standards/marcxml/schema/MARC21slim.xsd"
    xmlns="http://www.loc.gov/MARC21/slim">

  <leader>00612nam a22001337a 4500</leader>
  <datafield tag="040" ind1=" " ind2=" ">
    <subfield code="c">RUA</subfield>
  </datafield>
  <datafield tag="082" ind1=" " ind2=" ">
    <subfield code="a">AGR LON 2021 B1.570 Or.</subfield>
  </datafield>
  <datafield tag="100" ind1=" " ind2=" ">
    <subfield code="a">LONG VIMEAN &#x17A1;&#x17BB;&#x1784; &#x179C;&#x17B7;&#x1798;&#x17B6;&#x1793;</subfield>
  </datafield>
  <datafield tag="245" ind1=" " ind2=" ">
    <subfield code="a">VERMICOMPSE OUALITY PRODUCED FROM VARIOUS EARTHWORM'S FOOD SOURCES. &#x1782;&#x17BB;&#x178E;&#x1797;&#x17B6;&#x1796;&#x1780;&#x17C6;&#x1794;&#x17C9;&#x17BB;&#x179F;&#x17D2;&#x178F;&#x17B7;&#x17D0;&#x1787;&#x1793;&#x17D2;&#x179B;&#x17C1;&#x1793;&#x178F;&#x17B6;&#x1798;&#x179A;&#x1799;&#x17C8;&#x1780;&#x17B6;&#x179A;&#x1794;&#x17D2;&#x179A;&#x17BE;&#x1794;&#x17D2;&#x179A;&#x17B6;&#x179F;&#x17CB;&#x1785;&#x17C6;&#x178E;&#x17B8;&#x1795;&#x17D2;&#x179F;&#x17C1;&#x1784;&#x17D7;&#x1782;&#x17D2;&#x1793;&#x17B6;</subfield>
  </datafield>
  <datafield tag="260" ind1=" " ind2=" ">
    <subfield code="a">Phnom Penh</subfield>
    <subfield code="b">RUA</subfield>
    <subfield code="c">2021</subfield>
  </datafield>
  <datafield tag="300" ind1=" " ind2=" ">
    <subfield code="a">VIII.18P</subfield>
    <subfield code="b">VI.</subfield>
    <subfield code="c">29CM</subfield>
  </datafield>
  <datafield tag="856" ind1=" " ind2=" ">
    <subfield code="u">https://drive.google.com/file/d/1wDiTe4TwXOjKY3-qk51hlhEmFqE63ktv/view?usp=sharing</subfield>
  </datafield>
  <datafield tag="942" ind1=" " ind2=" ">
    <subfield code="c">AGR</subfield>
  </datafield>
  <datafield tag="999" ind1=" " ind2=" ">
    <subfield code="c">22740</subfield>
    <subfield code="d">22740</subfield>
  </datafield>
  <datafield tag="952" ind1=" " ind2=" ">
    <subfield code="0">0</subfield>
    <subfield code="1">0</subfield>
    <subfield code="2">ddc</subfield>
    <subfield code="4">0</subfield>
    <subfield code="6">AGR_LON_2021_000000000000000_B1_570_OR</subfield>
    <subfield code="7">0</subfield>
    <subfield code="9">97694</subfield>
    <subfield code="a">LBB</subfield>
    <subfield code="b">LBB</subfield>
    <subfield code="c">B1.570</subfield>
    <subfield code="d">2024-03-29</subfield>
    <subfield code="l">1</subfield>
    <subfield code="o">AGR LON 2021 B1.570 Or.</subfield>
    <subfield code="p">a078721</subfield>
    <subfield code="r">2025-09-10</subfield>
    <subfield code="s">2025-08-12</subfield>
    <subfield code="w">2024-03-29</subfield>
    <subfield code="y">AGR</subfield>
  </datafield>
  <datafield tag="952" ind1=" " ind2=" ">
    <subfield code="0">0</subfield>
    <subfield code="1">0</subfield>
    <subfield code="2">ddc</subfield>
    <subfield code="4">0</subfield>
    <subfield code="6">AGR_LON_2021_000000000000000_B1_570_OR</subfield>
    <subfield code="7">0</subfield>
    <subfield code="9">97695</subfield>
    <subfield code="a">LBB</subfield>
    <subfield code="b">LBB</subfield>
    <subfield code="c">B1.570</subfield>
    <subfield code="d">2024-03-29</subfield>
    <subfield code="o">AGR LON 2021 B1.570 Or.</subfield>
    <subfield code="p">a078673</subfield>
    <subfield code="r">2024-03-29</subfield>
    <subfield code="w">2024-03-29</subfield>
    <subfield code="y">AGR</subfield>
  </datafield>
  <datafield tag="952" ind1=" " ind2=" ">
    <subfield code="0">0</subfield>
    <subfield code="1">0</subfield>
    <subfield code="2">ddc</subfield>
    <subfield code="4">0</subfield>
    <subfield code="6">AGR_LON_2021_000000000000000_B1_570_OR</subfield>
    <subfield code="7">0</subfield>
    <subfield code="9">97696</subfield>
    <subfield code="a">LBB</subfield>
    <subfield code="b">LBB</subfield>
    <subfield code="c">B1.570</subfield>
    <subfield code="d">2024-03-29</subfield>
    <subfield code="o">AGR LON 2021 B1.570 Or.</subfield>
    <subfield code="p">a078253</subfield>
    <subfield code="r">2024-03-29</subfield>
    <subfield code="w">2024-03-29</subfield>
    <subfield code="y">AGR</subfield>
  </datafield>
  <datafield tag="952" ind1=" " ind2=" ">
    <subfield code="0">0</subfield>
    <subfield code="1">0</subfield>
    <subfield code="2">ddc</subfield>
    <subfield code="4">0</subfield>
    <subfield code="6">AGR_LON_2021_000000000000000_B1_570_OR</subfield>
    <subfield code="7">0</subfield>
    <subfield code="9">97697</subfield>
    <subfield code="a">LBB</subfield>
    <subfield code="b">LBB</subfield>
    <subfield code="c">B1.570</subfield>
    <subfield code="d">2024-03-29</subfield>
    <subfield code="o">AGR LON 2021 B1.570 Or.</subfield>
    <subfield code="p">a078193</subfield>
    <subfield code="r">2024-03-29</subfield>
    <subfield code="w">2024-03-29</subfield>
    <subfield code="y">AGR</subfield>
  </datafield>
</record>
